| 000 | 00663cab a2200229 4500 | ||
|---|---|---|---|
| 001 | WB3322-32 | ||
| 008 | 090401t1997 xxu||||| |||| 00| 0 eng d | ||
| 035 | _a(Sirsi) u78737 | ||
| 041 | _aeng | ||
| 245 | _aRoads programme faces radical review | ||
| 260 | _c1997 | ||
| 350 | _a0 | ||
| 490 |
_aFinancial Times _v4 June 1997, 8(1) |
||
| 520 | _aExamines the announcement that plans to widen the M25 around Heathrow have been put on hold pending a review of the roads programme. | ||
| 650 | _aHEATHROW | ||
| 650 | _aM25 | ||
| 650 | _aREVIEW | ||
| 650 | _aROADS PROGRAMME | ||
| 690 | _aTRANSPORT AND COMMUNICATIONS | ||
| 942 | _n0 | ||
| 948 | _c04/06/1997 | ||
| 999 |
_c49498 _d49498 |
||